<?xml version="1.0" encoding="UTF-8"?>
<record
    xmlns:xsi="http://www.w3.org/2001/XMLSchema-instance"
    xsi:schemaLocation="http://www.loc.gov/MARC21/slim http://www.loc.gov/standards/marcxml/schema/MARC21slim.xsd"
    xmlns="http://www.loc.gov/MARC21/slim">

  <leader>01974cam a22004094i 4500</leader>
  <controlfield tag="003">PE-LiUPU</controlfield>
  <controlfield tag="005">20250731173224.0</controlfield>
  <controlfield tag="008">150625s1991    gt      r     000 0 spa d</controlfield>
  <datafield tag="035" ind1=" " ind2=" ">
    <subfield code="a">(Sirsi) a33993</subfield>
  </datafield>
  <datafield tag="040" ind1=" " ind2=" ">
    <subfield code="a">PE-LiUPU</subfield>
    <subfield code="b">spa</subfield>
    <subfield code="c">PE-LiUPU</subfield>
    <subfield code="e">rda</subfield>
  </datafield>
  <datafield tag="049" ind1=" " ind2=" ">
    <subfield code="a">PRUA</subfield>
  </datafield>
  <datafield tag="082" ind1="0" ind2="4">
    <subfield code="a">228.7</subfield>
    <subfield code="b">E46</subfield>
    <subfield code="2">21</subfield>
  </datafield>
  <datafield tag="100" ind1="1" ind2=" ">
    <subfield code="a">Eller, Vernard,</subfield>
    <subfield code="e">autor.</subfield>
  </datafield>
  <datafield tag="245" ind1="1" ind2="0">
    <subfield code="a">Apocalipsis :</subfield>
    <subfield code="b">el Libro m&#xE1;s revelador de la Biblia /</subfield>
    <subfield code="c">Vernard Eller.</subfield>
  </datafield>
  <datafield tag="264" ind1=" " ind2="1">
    <subfield code="a">Guatemala :</subfield>
    <subfield code="b">Ediciones Semilla,</subfield>
    <subfield code="c">1991.</subfield>
  </datafield>
  <datafield tag="336" ind1=" " ind2=" ">
    <subfield code="a">text</subfield>
    <subfield code="2">rdacontent</subfield>
  </datafield>
  <datafield tag="337" ind1=" " ind2=" ">
    <subfield code="a">unmediated</subfield>
    <subfield code="2">rdamedia</subfield>
  </datafield>
  <datafield tag="338" ind1=" " ind2=" ">
    <subfield code="a">volume</subfield>
    <subfield code="2">rdacarrier</subfield>
  </datafield>
  <datafield tag="505" ind1="0" ind2=" ">
    <subfield code="a">&#xBF;Qu&#xE9; revela? -- El evangelio de san Juan el revelador -- La introducci&#xF3;n al libro 1:1-20 -- Las cartas del revelador fueron escritas a siete iglesias concretas 2:1 - 3:22 -- El control de la historia cuando llegue el fin 4:1 - 5:14 -- Los siete sellos muestran c&#xF3;mo es el fin 6:1 - 8:1 -- El fin presentado en las siete trompetas 8:2 - 11:19 -- Los acontecimientos del fin en la versi&#xF3;n de Juan 12:1 - 14:20 -- Las siete copas muestran la intensificaci&#xF3;n  de los acontecimientos del tiempo final 15:1 - 15:21 -- Los acontecimientos del fin 17:1 - 20:3 -- La distribuci&#xF3;n de la humanidad 20:4-15 -- El nuevo cielo y la nueva tierra 21:1 - 22:21.</subfield>
  </datafield>
  <datafield tag="526" ind1=" " ind2=" ">
    <subfield code="a">SEG42</subfield>
  </datafield>
  <datafield tag="526" ind1=" " ind2=" ">
    <subfield code="a">SEG41</subfield>
  </datafield>
  <datafield tag="526" ind1=" " ind2=" ">
    <subfield code="a">SEG40</subfield>
  </datafield>
  <datafield tag="526" ind1=" " ind2=" ">
    <subfield code="a">SEG39</subfield>
  </datafield>
  <datafield tag="526" ind1=" " ind2=" ">
    <subfield code="a">P94</subfield>
  </datafield>
  <datafield tag="526" ind1=" " ind2=" ">
    <subfield code="a">P87</subfield>
  </datafield>
  <datafield tag="526" ind1=" " ind2=" ">
    <subfield code="a">P86</subfield>
  </datafield>
  <datafield tag="526" ind1=" " ind2=" ">
    <subfield code="a">P85</subfield>
  </datafield>
  <datafield tag="526" ind1=" " ind2=" ">
    <subfield code="a">P77</subfield>
  </datafield>
  <datafield tag="526" ind1=" " ind2=" ">
    <subfield code="a">P76</subfield>
  </datafield>
  <datafield tag="526" ind1=" " ind2=" ">
    <subfield code="a">P35</subfield>
  </datafield>
  <datafield tag="630" ind1="0" ind2="4">
    <subfield code="a">Biblia.</subfield>
    <subfield code="p">N.T.</subfield>
    <subfield code="p">Apocalipsis</subfield>
    <subfield code="x">Comentarios.</subfield>
  </datafield>
  <datafield tag="942" ind1=" " ind2=" ">
    <subfield code="2">ddc</subfield>
    <subfield code="c">BOOK</subfield>
  </datafield>
  <datafield tag="949" ind1=" " ind2=" ">
    <subfield code="a">228.7 E46</subfield>
    <subfield code="w">DEWEY</subfield>
    <subfield code="c">1</subfield>
    <subfield code="i">38495</subfield>
    <subfield code="l">CCODEBUL1</subfield>
    <subfield code="m">BUL</subfield>
    <subfield code="p">00.00</subfield>
    <subfield code="r">0</subfield>
    <subfield code="s">Y</subfield>
    <subfield code="t">BOOK</subfield>
    <subfield code="u">2015-06-25</subfield>
    <subfield code="x">BIBLIOTECA</subfield>
    <subfield code="z">UNKNOWN</subfield>
    <subfield code="0">COMPRA</subfield>
    <subfield code="o">.STAFF. Colecci&#xF3;n General</subfield>
  </datafield>
  <datafield tag="596" ind1=" " ind2=" ">
    <subfield code="a">1</subfield>
  </datafield>
  <datafield tag="999" ind1=" " ind2=" ">
    <subfield code="a">228.7 E46</subfield>
    <subfield code="w">DEWEY</subfield>
    <subfield code="c">41801</subfield>
    <subfield code="i">38495</subfield>
    <subfield code="d">41801</subfield>
    <subfield code="e">2018-8-27</subfield>
    <subfield code="f">2021-11-11</subfield>
    <subfield code="g">5</subfield>
    <subfield code="l">CCODEBUL1</subfield>
    <subfield code="m">BUL</subfield>
    <subfield code="n">12</subfield>
    <subfield code="p">15.00</subfield>
    <subfield code="q">8</subfield>
    <subfield code="r">0</subfield>
    <subfield code="s">Y</subfield>
    <subfield code="t">BOOK</subfield>
    <subfield code="u">2015-6-25</subfield>
    <subfield code="x">TEOLOGIA</subfield>
    <subfield code="P">P35</subfield>
    <subfield code="0">COMPRA</subfield>
    <subfield code="o">.STAFF. Colecci&#xF3;n Teolog&#xED;a</subfield>
  </datafield>
  <datafield tag="980" ind1=" " ind2=" ">
    <subfield code="8">1</subfield>
    <subfield code="g">ALBERTO SANCHEZ Responsable de Automatizaci&#xF3;n</subfield>
  </datafield>
  <datafield tag="952" ind1=" " ind2=" ">
    <subfield code="r">2025-12-03 00:00:00</subfield>
    <subfield code="i">6</subfield>
    <subfield code="l">13</subfield>
    <subfield code="o">228.7 E46</subfield>
    <subfield code="p">38495</subfield>
    <subfield code="s">2024-01-19</subfield>
    <subfield code="t">e1</subfield>
    <subfield code="v">20.00</subfield>
    <subfield code="w">2015-06-25</subfield>
    <subfield code="x">FT</subfield>
    <subfield code="y">BK</subfield>
    <subfield code="z">inventario-2023-12-13</subfield>
    <subfield code="1">0</subfield>
    <subfield code="2">ddc</subfield>
    <subfield code="5">0</subfield>
    <subfield code="7">0</subfield>
    <subfield code="8">GEN</subfield>
    <subfield code="f">P35</subfield>
    <subfield code="a">BUL</subfield>
    <subfield code="b">BUL</subfield>
    <subfield code="c">GEN</subfield>
    <subfield code="d">2015-06-25</subfield>
    <subfield code="e">COMPRA</subfield>
    <subfield code="g">15.00</subfield>
  </datafield>
</record>
